[Event "Alcorcon Diagonal op 2nd"]
[Site "Alcorcon"]
[Date "2023.12.27"]
[Round "3"]
[White "Jimenez Carrazoni, Marta Elena"]
[Black "Longa Yauca, Javier"]
[Result "0-1"]
[WhiteElo "1668"]
[BlackElo "2197"]
[PlyCount "110"]
[EventDate "2023.12.26"]
[EventType "swiss"]
[EventRounds "9"]
[EventCountry "ESP"]
[SourceTitle "CB01_2024"]
[SourceDate "2024.01.03"]
[SourceVersion "1"]
[SourceVersionDate "2024.01.03"]
[SourceQuality "1"]

1. d4 Nf6 2. c4 c5 3. d5 b5 4. cxb5 a6 5. b6 Qxb6 6. Nc3 d6 7. a4 Nbd7 8. a5 Qc7 9. e4 Rb8 10. f4 Rb4 11. Ra4 g6 12. Bd3 Bg7 13. Nf3 Nb8 14. Rxb4 cxb4 15. Qa4+ Nbd7 16. Qxb4 Nc5 17. Bc2 0-0 18. Be3 Bg4 19. Qb6 Qxb6 20. axb6 Bxf3 21. gxf3 Nfd7 22. Na4 Rb8 23. Kf2 Nxa4 24. Bxa4 Nxb6 25. Bxb6 Rxb6 26. b3 Bh6 27. Kg3 Rb4 28. Rc1 Rd4 29. Rc8+ Kg7 30. Rc4 Rd2 31. Rc6 a5 32. Ra6 f5 33. Bb5 Rd4 34. Ra7 Kf6 35. Rxa5 fxe4 36. Ra4 Rxd5 37. Bc6 Rd3 38. Bxe4 Rxb3 39. Ra5 Rb2 40. h3 e6 41. Ra7 d5 42. Rxh7 dxe4 43. Rxh6 Kg7 44. Rh4 e3 45. f5 gxf5 46. Ra4 e5 47. Ra7+ Kf6 48. Ra6+ Ke7 49. f4 Rf2 50. fxe5 f4+ 51. Kg4 e2 52. Ra7+ Kd8 53. Ra8+ Kc7 54. Ra7+ Kb6 55. Ra1 Rf1 0-1

[Event "ESP-ch U14 rapid"]
[Site "Salobrena"]
[Date "2023.07.23"]
[Round "5"]
[White "Bangiev, Katharina"]
[Black "Jimenez Carrazoni, Marta Elena"]
[Result "0-1"]
[WhiteElo "1333"]
[BlackElo "1638"]
[PlyCount "124"]
[EventDate "2023.07.22"]
[EventType "swiss (rapid)"]
[EventRounds "9"]
[EventCountry "ESP"]
[SourceTitle "EXT 2024"]
[Source "ChessBase"]
[SourceDate "2023.10.10"]
[SourceVersion "1"]
[SourceVersionDate "2023.10.10"]
[SourceQuality "1"]

1. e4 c5 2. Nf3 Nc6 3. d4 cxd4 4. Nxd4 e5 5. Nb5 d6 6. N1c3 a6 7. Na3 Be6 8. Be3 Nf6 9. Be2 b5 10. Nd5 Bxd5 11. exd5 Ne7 12. c4 bxc4 13. Bxc4 Qa5+ 14. Bd2 Qb6 15. Qa4+ Nd7 16. Bb5 Qa7 17. Be3 Qc7 18. Bxd7+ Qxd7 19. Qxd7+ Kxd7 20. Rd1 f5 21. f4 e4 22. Nc4 Nc8 23. Bd4 Rg8 24. Kf2 Be7 25. Rhe1 g5 26. Be3 Rb8 27. b3 gxf4 28. Bxf4 Bg5 29. Bxg5 Rxg5 30. g3 Ne7 31. Ke3 Rb5 32. Kf4 Rg4+ 33. Ke3 Nxd5+ 34. Kf2 Ke6 35. Rd2 Rc5 36. Red1 Rxc4 37. bxc4 e3+ 38. Kf3 exd2 39. cxd5+ Kxd5 40. Rxd2+ Ke6 41. Re2+ Kd7 42. h3 Ra4 43. Rd2 Kc6 44. Ke3 d5 45. Rd4 Rxa2 46. Kf4 Rf2+ 47. Ke5 Rf3 48. g4 fxg4 49. hxg4 Re3+ 50. Kf4 Re8 51. Kf5 Kc5 52. Ra4 Ra8 53. Ke5 d4 54. Ra5+ Kb4 55. Rd5 Kc3 56. Ke4 Re8+ 57. Kf3 d3 58. Rc5+ Kb2 59. Rd5 Kc2 60. Rc5+ Kd1 61. Ra5 d2 62. Rxa6 Ke1 0-1

[Event "ESP-ch U14"]
[Site "Salobrena"]
[Date "2023.07.21"]
[Round "7"]
[White "Jimenez Carrazoni, Marta Elena"]
[Black "Miro Garcia, Julia"]
[Result "1-0"]
[WhiteElo "1733"]
[BlackElo "1592"]
[PlyCount "57"]
[EventDate "2023.07.17"]
[EventType "swiss"]
[EventRounds "9"]
[EventCountry "ESP"]
[SourceTitle "EXT 2024"]
[Source "ChessBase"]
[SourceDate "2023.10.10"]
[SourceVersion "1"]
[SourceVersionDate "2023.10.10"]
[SourceQuality "1"]

1. d4 d5 2. c4 e6 3. Nc3 Nf6 4. cxd5 exd5 5. Bg5 Bb4 6. Qc2 h6 7. Bh4 g5 8. Bg3 Nc6 9. e3 h5 10. Bb5 h4 11. Be5 0-0 12. Bxf6 Qxf6 13. a3 Bxc3+ 14. Qxc3 Bd7 15. Nf3 h3 16. Rg1 Kh8 17. Bxc6 bxc6 18. Ne5 Rfd8 19. gxh3 Kh7 20. Qc2+ Bf5 21. Qxc6 Qxc6 22. Nxc6 Rd6 23. Rc1 Bxh3 24. Rxg5 Kh6 25. Rg3 Bd7 26. Ne5 Be6 27. Rxc7 Rb6 28. Nxf7+ Bxf7 29. Rxf7 1-0

[Event "Madrid-ch Previa B"]
[Site "Madrid"]
[Date "2023.02.03"]
[Round "2.24"]
[White "Palomo Fernandez, Lorenzo"]
[Black "Jimenez Carrazoni, Marta Elena"]
[Result "0-1"]
[WhiteElo "1387"]
[BlackElo "1573"]
[PlyCount "62"]
[EventDate "2023.02.02"]
[EventType "swiss"]
[EventRounds "9"]
[EventCountry "ESP"]
[SourceTitle "EXT 2024"]
[Source "ChessBase"]
[SourceDate "2023.10.10"]
[SourceVersion "1"]
[SourceVersionDate "2023.10.10"]
[SourceQuality "1"]

1. e4 c5 2. Nf3 Nc6 3. d4 cxd4 4. Nxd4 e5 5. Nb5 d6 6. N1c3 a6 7. Na3 Be6 8. Nc4 b5 9. Ne3 Nf6 10. f3 g6 11. Ncd5 Bxd5 12. Nxd5 Nxd5 13. Qxd5 Nd4 14. Bd3 Rc8 15. c3 Qh4+ 16. Kf1 Ne6 17. Qb7 Rc5 18. Qa8+ Kd7 19. Qxa6 Nc7 20. Qa7 Bh6 21. Bxh6 Qxh6 22. Qa5 Qd2 23. Be2 Qxb2 24. Kf2 Qxc3 25. Qxc3 Rxc3 26. Rhb1 Rc2 27. Ke1 Ra8 28. Bxb5+ Nxb5 29. Rxb5 Rxg2 30. Rb7+ Ke6 31. Kf1 Rxh2 0-1

[Event "Collado Villalba Grupo Gallinero op 1st"]
[Site "Collado Villalba"]
[Date "2022.08.16"]
[Round "8"]
[White "Jimenez Carrazoni, Marta Elena"]
[Black "Bolea Olivan, Jose Angel"]
[Result "1-0"]
[WhiteElo "1565"]
[BlackElo "1748"]
[PlyCount "109"]
[EventDate "2022.08.12"]
[EventType "swiss"]
[EventRounds "9"]
[EventCountry "ESP"]
[SourceTitle "CBM 210 Extra"]
[Source "ChessBase"]
[SourceDate "2022.11.30"]
[SourceVersion "1"]
[SourceVersionDate "2022.11.30"]
[SourceQuality "1"]

1. d4 d6 2. c4 c6 3. Nc3 g6 4. e4 Bg7 5. Be3 Nf6 6. f3 0-0 7. Qd2 a6 8. a4 Re8 9. Bh6 Bxh6 10. Qxh6 Qb6 11. Qd2 a5 12. g4 e5 13. d5 Na6 14. Nge2 Nc5 15. Nc1 Qd8 16. h4 h5 17. g5 Nh7 18. Bd3 f6 19. gxf6 Qxf6 20. Qg2 Nf8 21. Qg3 Re7 22. Bc2 Rf7 23. Ke2 Bd7 24. Nd3 Nxd3 25. Bxd3 Be8 26. Raf1 Qf4 27. Qxf4 Rxf4 28. Ke3 Rc8 29. Rfg1 Rc7 30. Ne2 Rf6 31. b3 Rcf7 32. Rh3 Kh7 33. Rhg3 Kh6 34. R1g2 Kh7 35. Ng1 Bd7 36. Ne2 Be8 37. Ng1 Bd7 38. Ne2 Kh6 39. Bc2 b5 40. dxc6 Bxc6 41. axb5 Be8 42. Rg1 Ra7 43. Nc3 Ne6 44. Nd5 Rf8 45. Ra1 Rff7 46. Bd1 Rfb7 47. Rg2 Rf7 48. Rga2 Nf4 49. Rxa5 Rxa5 50. Rxa5 Ng2+ 51. Kf2 Nxh4 52. Kg3 g5 53. Ra6 Rd7 54. Nf6 Re7 55. Ng8+ 1-0

[Event "Collado Villalba Grupo Gallinero op 1st"]
[Site "Collado Villalba"]
[Date "2022.08.14"]
[Round "5"]
[White "Garcia Lopez, Fernando"]
[Black "Jimenez Carrazoni, Marta Elena"]
[Result "0-1"]
[WhiteElo "1391"]
[BlackElo "1565"]
[PlyCount "44"]
[EventDate "2022.08.12"]
[EventType "swiss"]
[EventRounds "9"]
[EventCountry "ESP"]
[SourceTitle "CBM 210 Extra"]
[Source "ChessBase"]
[SourceDate "2022.11.30"]
[SourceVersion "1"]
[SourceVersionDate "2022.11.30"]
[SourceQuality "1"]

1. e4 c5 2. Nf3 Nc6 3. d4 cxd4 4. Nxd4 e5 5. Nb5 d6 6. N1c3 a6 7. Na3 Be6 8. Bc4 Bxc4 9. Nxc4 b5 10. Ne3 Nf6 11. f3 Rc8 12. Ncd5 Nxd5 13. exd5 Ne7 14. 0-0 g6 15. Ng4 Bg7 16. c3 Rc5 17. Bg5 0-0 18. Bxe7 Qxe7 19. Qb3 Qg5 20. Kh1 e4 21. Nf2 exf3 22. Ne4 Qxg2# 0-1

[Event "ESP-ch U16 Rapid"]
[Site "Salobrena"]
[Date "2022.07.30"]
[Round "2"]
[White "Jimenez Carrazoni, Marta Elena"]
[Black "Garrido Diaz, Ernesto"]
[Result "0-1"]
[WhiteElo "1474"]
[BlackElo "1731"]
[PlyCount "54"]
[EventDate "2022.07.30"]
[EventType "swiss (rapid)"]
[EventRounds "9"]
[EventCountry "ESP"]
[SourceTitle "EXT 2023"]
[Source "ChessBase"]
[SourceDate "2022.10.05"]
[SourceVersion "1"]
[SourceVersionDate "2022.10.05"]
[SourceQuality "1"]

1. d4 d5 2. Nc3 Nf6 3. Bf4 c6 4. e3 Bf5 5. f3 e6 6. g4 Bg6 7. h4 h5 8. g5 Ng8 9. Bd3 Bxd3 10. Qxd3 Bd6 11. Nge2 Ne7 12. 0-0-0 Ng6 13. Bxd6 Qxd6 14. f4 Na6 15. a3 Ne7 16. e4 g6 17. Ng3 Qxf4+ 18. Kb1 Qc7 19. Rhf1 0-0 20. Qf3 Rad8 21. Nge2 b5 22. Qd3 Qb7 23. Na2 b4 24. a4 c5 25. Qb5 Rb8 26. dxc5 Qc8 27. Qa5 Nc6 0-1

[Event "ESP-ch U16"]
[Site "Salobrena"]
[Date "2022.07.25"]
[Round "1"]
[White "Jimenez Carrazoni, Marta Elena"]
[Black "Diaz Reyes, Killian"]
[Result "0-1"]
[WhiteElo "1644"]
[BlackElo "2012"]
[PlyCount "58"]
[EventDate "2022.07.25"]
[EventType "swiss"]
[EventRounds "9"]
[EventCountry "ESP"]
[SourceTitle "EXT 2023"]
[Source "ChessBase"]
[SourceDate "2022.10.05"]
[SourceVersion "1"]
[SourceVersionDate "2022.10.05"]
[SourceQuality "1"]

1. d4 d5 2. c4 e6 3. Nc3 Nf6 4. cxd5 exd5 5. Bg5 c6 6. e3 Be7 7. Qc2 Nbd7 8. Bd3 h6 9. Bh4 Nh5 10. Bxe7 Qxe7 11. Nge2 Nb6 12. 0-0 0-0 13. Rab1 a5 14. a3 Nf6 15. b4 Nc4 16. Bxc4 dxc4 17. Na4 axb4 18. axb4 Nd5 19. Nb2 b5 20. Qd2 Bf5 21. Ra1 Qxb4 22. Qxb4 Nxb4 23. Nc3 Nd3 24. Nxd3 Bxd3 25. Rfd1 b4 26. Na2 b3 27. Nc3 b2 28. Rxa8 Rxa8 29. Nb1 Ra1 0-1

[Event "Mostoles op 11th"]
[Site "Mostoles"]
[Date "2022.07.22"]
[Round "6"]
[White "Jimenez Carrazoni, Marta Elena"]
[Black "Barahona Torrijos, Angel"]
[Result "1/2-1/2"]
[WhiteElo "1644"]
[BlackElo "1779"]
[PlyCount "115"]
[EventDate "2022.07.17"]
[EventType "swiss"]
[EventRounds "9"]
[EventCountry "ESP"]
[SourceTitle "EXT 2024"]
[Source "ChessBase"]
[SourceDate "2023.10.10"]
[SourceVersion "1"]
[SourceVersionDate "2023.10.10"]
[SourceQuality "1"]

1. d4 Nf6 2. c4 e5 3. dxe5 Ng4 4. Nf3 Bc5 5. e3 Nc6 6. Nc3 Ngxe5 7. Be2 d6 8. 0-0 Nxf3+ 9. Bxf3 Ne5 10. b3 0-0 11. Bb2 Qh4 12. Nd5 c6 13. Nf4 Ng4 14. Bxg4 Bxg4 15. Qd2 Rae8 16. b4 Bb6 17. Qxd6 Re4 18. Qd3 Rfe8 19. Qc3 f6 20. h3 Bc8 21. Rae1 Bc7 22. Bc1 Be5 23. Qc2 Bxf4 24. g3 Bxg3 25. fxg3 Qxg3+ 26. Qg2 Qxg2+ 27. Kxg2 Rxc4 28. a3 Rc2+ 29. Kg3 g5 30. Rxf6 Rf8 31. Rff1 Be6 32. Rd1 h5 33. Rxf8+ Kxf8 34. Rf1+ Kg7 35. h4 g4 36. Kf4 Kg6 37. Ke5 Bf7 38. e4 g3 39. Rf6+ Kg7 40. Rf3 g2 41. Rg3+ Kh7 42. Bf4 Bg6 43. Kf6 Rf2 44. Ke5 Re2 45. Kf6 Rxe4 46. Be5 Rg4 47. Rxg4 hxg4 48. Bd4 Be4 49. Kg5 Bf3 50. Bxa7 b5 51. Bd4 Bd1 52. Be3 Be2 53. Bd4 Bd1 54. Be3 Be2 55. Kf6 Bd1 56. Kg5 Be2 57. Kf6 Bd1 58. Ke6 1/2-1/2

[Event "Mostoles op 11th"]
[Site "Mostoles"]
[Date "2022.07.20"]
[Round "4"]
[White "Ruiz Grau, David"]
[Black "Jimenez Carrazoni, Marta Elena"]
[Result "1-0"]
[WhiteElo "1439"]
[BlackElo "1644"]
[PlyCount "125"]
[EventDate "2022.07.17"]
[EventType "swiss"]
[EventRounds "9"]
[EventCountry "ESP"]
[SourceTitle "EXT 2024"]
[Source "ChessBase"]
[SourceDate "2023.10.10"]
[SourceVersion "1"]
[SourceVersionDate "2023.10.10"]
[SourceQuality "1"]

1. d4 d5 2. Bf4 e6 3. Nf3 Bd6 4. e3 Bxf4 5. exf4 Qd6 6. Ne5 Qb4+ 7. Nc3 Qxb2 8. Nb5 Qb4+ 9. c3 Qe7 10. a4 a6 11. Na3 Nf6 12. Bd3 Nbd7 13. 0-0 0-0 14. c4 b6 15. cxd5 Nxd5 16. g3 Bb7 17. Nac4 N7f6 18. Re1 Rad8 19. Rc1 Nb4 20. Bf1 Nfd5 21. Ne3 c5 22. Nxd5 Rxd5 23. Rc4 Rxd4 24. Rxd4 cxd4 25. Nd3 Nxd3 26. Qxd3 Qb4 27. Rb1 Qc3 28. Rxb6 Bc8 29. Rd6 Qc7 30. Qxd4 a5 31. Qd2 Bb7 32. Bg2 Bxg2 33. Kxg2 h6 34. g4 Rb8 35. Rd4 Qc6+ 36. f3 Qc7 37. Kg3 Qb6 38. h4 Kh7 39. h5 Ra8 40. g5 Qb1 41. Qd3+ Qxd3 42. Rxd3 Rc8 43. Rd7 Kg8 44. g6 fxg6 45. hxg6 Kf8 46. Ra7 Rc5 47. Rf7+ Kg8 48. Re7 Kf8 49. Rxe6 Rc4 50. Re4 Rc6 51. f5 Rc5 52. Kg4 Rc1 53. Re5 Rc4+ 54. Re4 Rc1 55. f4 Rg1+ 56. Kh3 Ra1 57. Rc4 Ra3+ 58. Kg4 Ra1 59. f6 Rg1+ 60. Kf5 gxf6 61. Kxf6 Ke8 62. g7 Kd7 63. Kf7 1-0

[Event "Mostoles op 11th"]
[Site "Mostoles"]
[Date "2022.07.18"]
[Round "2"]
[White "Iagar, Razvan Gabriel"]
[Black "Jimenez Carrazoni, Marta Elena"]
[Result "1-0"]
[WhiteElo "2148"]
[BlackElo "1644"]
[PlyCount "77"]
[EventDate "2022.07.17"]
[EventType "swiss"]
[EventRounds "9"]
[EventCountry "ESP"]
[SourceTitle "EXT 2024"]
[Source "ChessBase"]
[SourceDate "2023.10.10"]
[SourceVersion "1"]
[SourceVersionDate "2023.10.10"]
[SourceQuality "1"]

1. d4 d5 2. c4 e6 3. Nc3 Nf6 4. cxd5 exd5 5. Bg5 Be7 6. e3 0-0 7. Bd3 b6 8. Bxf6 Bxf6 9. Qh5 g6 10. Qxd5 c6 11. Qxd8 Rxd8 12. Nf3 Bb7 13. 0-0 c5 14. Be4 Nc6 15. dxc5 Bxc3 16. bxc3 bxc5 17. Rab1 Rab8 18. Rfd1 Rxd1+ 19. Rxd1 Rd8 20. Rd2 Rxd2 21. Nxd2 Nd8 22. Kf1 Kf8 23. Ke2 Ke7 24. Bxb7 Nxb7 25. Kd3 Na5 26. Ne4 Nb7 27. Kc4 Nd6+ 28. Nxd6 Kxd6 29. e4 a6 30. f4 h5 31. e5+ Kc6 32. g3 Kb6 33. h3 h4 34. g4 Kc6 35. f5 g5 36. a3 a5 37. a4 Kd7 38. Kxc5 Kc7 39. Kb5 1-0

[Event "ESP-ch U12 Rapid"]
[Site "Salobrena"]
[Date "2022.07.17"]
[Round "8"]
[White "Jaime Galeano, Alcher"]
[Black "Jimenez Carrazoni, Marta Elena"]
[Result "1-0"]
[WhiteElo "1332"]
[BlackElo "1474"]
[PlyCount "63"]
[EventDate "2022.07.09"]
[EventType "swiss (rapid)"]
[EventRounds "9"]
[EventCountry "ESP"]
[SourceTitle "EXT 2023"]
[Source "ChessBase"]
[SourceDate "2022.10.05"]
[SourceVersion "1"]
[SourceVersionDate "2022.10.05"]
[SourceQuality "1"]

1. e4 c5 2. Nc3 Nc6 3. f4 g6 4. Nf3 Bg7 5. Bb5 e6 6. Bxc6 bxc6 7. e5 Ba6 8. Ne4 Bf8 9. d3 d5 10. Nc3 Ne7 11. 0-0 Nf5 12. Qe1 Bg7 13. Kh1 0-0 14. g4 Ne7 15. Qh4 c4 16. f5 exf5 17. Bh6 fxg4 18. Ng5 f6 19. exf6 Bxf6 20. Bxf8 Bxg5 21. Qxg5 Nf5 22. Rxf5 Qxg5 23. Rxg5 Rxf8 24. dxc4 Bxc4 25. Rxg4 Rf2 26. Re1 Rxc2 27. Rg2 Rxg2 28. Kxg2 d4 29. Ne2 c5 30. b3 Bd5+ 31. Kg3 Kf7 32. Rc1 1-0

[Event "ESP-ch U12 Rapid"]
[Site "Salobrena"]
[Date "2022.07.17"]
[Round "7"]
[White "Jimenez Carrazoni, Marta Elena"]
[Black "De Martin Burtseva, Ivan"]
[Result "1-0"]
[WhiteElo "1474"]
[BlackElo "1211"]
[PlyCount "33"]
[EventDate "2022.07.09"]
[EventType "swiss (rapid)"]
[EventRounds "9"]
[EventCountry "ESP"]
[SourceTitle "EXT 2023"]
[Source "ChessBase"]
[SourceDate "2022.10.05"]
[SourceVersion "1"]
[SourceVersionDate "2022.10.05"]
[SourceQuality "1"]

1. d4 d5 2. Nc3 e6 3. Bf4 Nf6 4. Nb5 Bd6 5. Nxd6+ cxd6 6. e3 Nbd7 7. Bxd6 Qb6 8. Ba3 Ne4 9. c3 Qc6 10. Qc2 Nd6 11. Nf3 a5 12. Bd3 h6 13. 0-0 f5 14. Qe2 b6 15. Ne5 Nxe5 16. dxe5 Ne4 17. Bb5 1-0

[Event "Madrid-ch U12"]
[Site "Madrid"]
[Date "2022.04.09"]
[Round "4"]
[White "Feal Albala, Alonso"]
[Black "Jimenez Carrazoni, Marta Elena"]
[Result "1-0"]
[WhiteElo "1842"]
[BlackElo "1528"]
[PlyCount "59"]
[EventDate "2022.04.02"]
[EventType "swiss"]
[EventRounds "6"]
[EventCountry "ESP"]
[SourceTitle "EXT 2024"]
[Source "ChessBase"]
[SourceDate "2023.10.10"]
[SourceVersion "1"]
[SourceVersionDate "2023.10.10"]
[SourceQuality "1"]

1. e4 c5 2. Nf3 Nc6 3. d4 cxd4 4. Nxd4 e5 5. Nb5 d6 6. N1c3 a6 7. Na3 Be6 8. Nc4 b5 9. Ne3 Nf6 10. Ned5 Bxd5 11. exd5 Nd4 12. Be3 Nf5 13. a4 Nxe3 14. fxe3 b4 15. Na2 Qb6 16. Qd2 Rb8 17. Nc1 e4 18. Nb3 a5 19. Bb5+ Kd8 20. 0-0 Be7 21. Nd4 Rb7 22. Rac1 Kc7 23. Nc6 Kc8 24. c3 Bd8 25. cxb4 Rc7 26. bxa5 Qb7 27. a6 Qa8 28. Nxd8 Kxd8 29. Rxc7 Kxc7 30. Qa5+ 1-0

[Event "Madrid-ch U12"]
[Site "Madrid"]
[Date "2022.04.03"]
[Round "3"]
[White "Jimenez Carrazoni, Marta Elena"]
[Black "Herraiz Ciudad, Miguel"]
[Result "1-0"]
[WhiteElo "1528"]
[BlackElo "1426"]
[PlyCount "77"]
[EventDate "2022.04.02"]
[EventType "swiss"]
[EventRounds "6"]
[EventCountry "ESP"]
[SourceTitle "EXT 2024"]
[Source "ChessBase"]
[SourceDate "2023.10.10"]
[SourceVersion "1"]
[SourceVersionDate "2023.10.10"]
[SourceQuality "1"]

1. d4 Nf6 2. Nc3 d5 3. Bf4 a6 4. e3 e6 5. Bd3 c5 6. dxc5 Bxc5 7. Nf3 0-0 8. 0-0 Nc6 9. e4 dxe4 10. Nxe4 Nxe4 11. Bxe4 h6 12. Qxd8 Rxd8 13. Rad1 Re8 14. Bxc6 bxc6 15. Ne5 f6 16. Nxc6 e5 17. Be3 Bxe3 18. fxe3 a5 19. b4 axb4 20. Nxb4 Ba6 21. Nxa6 Rxa6 22. Ra1 Rea8 23. Rfc1 Rxa2 24. Rxa2 Rxa2 25. Kf2 Kf7 26. Kf3 Ra5 27. c4 Rc5 28. Ke4 Ke6 29. Kd3 Ra5 30. c5 Kd7 31. Ke4 Kc6 32. Kf5 Ra2 33. Rg1 Kxc5 34. h4 Kc4 35. Kg6 Kd3 36. Kxg7 Kxe3 37. Kxf6 e4 38. g4 Kd2 39. Rg2+ 1-0

[Event "Madrid-ch Previa-B"]
[Site "Madrid"]
[Date "2022.03.04"]
[Round "2"]
[White "Fernandez Herrero, Mario"]
[Black "Jimenez Carrazoni, Marta Elena"]
[Result "1/2-1/2"]
[WhiteElo "1862"]
[BlackElo "1452"]
[PlyCount "118"]
[EventDate "2022.03.03"]
[EventType "swiss"]
[EventRounds "9"]
[EventCountry "ESP"]
[SourceTitle "EXT 2023"]
[Source "ChessBase"]
[SourceDate "2022.10.05"]
[SourceVersion "1"]
[SourceVersionDate "2022.10.05"]
[SourceQuality "1"]

1. e4 c5 2. Nf3 Nc6 3. d4 cxd4 4. Nxd4 e5 5. Nb5 d6 6. N1c3 a6 7. Na3 Be6 8. Nd5 f5 9. exf5 Qa5+ 10. Nc3 Bxf5 11. Nc4 Qc5 12. Be3 Nd4 13. Bd3 Bxd3 14. Qxd3 Nxc2+ 15. Qxc2 Qxc4 16. Rd1 Rc8 17. Qf5 Nf6 18. Bg5 Qg4 19. Qxg4 Nxg4 20. f3 Nh6 21. Bxh6 gxh6 22. 0-0 Be7 23. Rd2 Rg8 24. Ne4 Rg6 25. Rfd1 Rc6 26. Nc3 h5 27. Ne4 h4 28. Kf2 Kd7 29. Nc3 Bd8 30. Re2 Bb6+ 31. Kf1 Bd4 32. Nd5 Rc5 33. Nb4 Rb5 34. Nd3 h3 35. g3 Rf6 36. f4 exf4 37. gxf4 Rg5 38. Re4 Rg1+ 39. Ke2 Rg2+ 40. Kf3 Bxb2 41. Rb1 d5 42. Rb4 Ba3 43. Rxb7+ Ke8 44. Rxh7 Bd6 45. Rxh3 Rxa2 46. Rh8+ Rf8 47. Rxf8+ Kxf8 48. h4 Rh2 49. Kg4 Be7 50. h5 Rh4+ 51. Kg3 Rxh5 52. Rb8+ Kf7 53. Ne5+ Ke6 54. Rb6+ Kf5 55. Rxa6 Bh4+ 56. Kf3 Bf6 57. Nd7 Bc3 58. Rc6 Rh3+ 59. Kg2 Rd3 1/2-1/2

[Event "Collado Villalba op 38th"]
[Site "Collado Villalba"]
[Date "2021.08.26"]
[Round "6"]
[White "Jimenez Carrazoni, Marta Elena"]
[Black "Palacios Sanchez, Victor"]
[Result "0-1"]
[WhiteElo "1208"]
[BlackElo "1708"]
[PlyCount "58"]
[EventDate "2021.08.21"]
[EventType "swiss"]
[EventRounds "9"]
[EventCountry "ESP"]
[SourceTitle "CBM 204 Extra"]
[Source "ChessBase"]
[SourceDate "2021.11.30"]
[SourceVersion "1"]
[SourceVersionDate "2021.11.30"]
[SourceQuality "1"]

1. d4 Nf6 2. Nc3 c5 3. d5 g6 4. Bf4 d6 5. e4 Bg7 6. Qd2 0-0 7. Bh6 a6 8. h4 e6 9. f3 exd5 10. exd5 Re8+ 11. Be2 Nbd7 12. g4 Ne5 13. h5 b5 14. Bxg7 Kxg7 15. hxg6 fxg6 16. Qh6+ Kg8 17. g5 Nh5 18. Rxh5 gxh5 19. Ne4 Nxf3+ 20. Bxf3 Bf5 21. g6 Bxg6 22. Qf4 Bxe4 23. Bxe4 Qe7 24. 0-0-0 Qxe4 25. Qxd6 Qe3+ 26. Kb1 Qe1 27. Kc1 Qe3+ 28. Kb1 Rad8 29. Qxa6 Rxd5 0-1